[Event "Spring Festival WGM"]
[Site "Bucharest ROM"]
[Date "2003.03.13"]
[Round "11"]
[White "Dragomirescu,An"]
[Black "Ionica,I"]
[Result "1-0"]
[WhiteElo "2306"]
[BlackElo "2200"]

1.d4 Nf6 2.c4 g6 3.Nc3 Bg7 4.e4 d6 5.Nf3 O-O 6.Be2 Qe8 7.O-O e5 8.dxe5 dxe5
9.Be3 Na6 10.Nd2 b6 11.a3 c6 12.b4 Nc7 13.c5 Nd7 14.cxb6 axb6 15.Nc4 b5 16.Qd6 Qd8
17.Na5 Nb8 18.Qxd8 Rxd8 19.Bb6 Rd7 20.Rac1 Ne6 21.Nxb5 Ba6 22.Nc3 Bh6 23.Rcd1 Bd2
24.Bxa6 Rxa6 25.Na4 Bh6 26.Bc5 Bf8 27.Bxf8 Kxf8 28.Rxd7 Nxd7 29.Rd1 Nd4 30.Nb2 Ke7
31.Nd3 f6 32.Kf1 Ra7 33.Rc1 Kd6 34.Ke1 Nb6 35.Nc5 Kc7 36.Ne6+ Nxe6 37.Rxc6+ Kd7
38.Rxb6 Nd4 39.Kd2 Rc7 40.Rb7 Nb3+ 41.Kd3 Nd4 42.Rxc7+ Kxc7 43.a4 Kb6 44.Nc4+ Kc7
45.Ne3 Kd6 46.Kc4 f5 47.f3 f4 48.Nd5 g5 49.b5 h5 50.a5 g4 51.fxg4 hxg4 52.a6 f3
53.gxf3 gxf3 54.a7 f2 55.Ne3 Nc2 56.Nf1  1-0

[Event "Jch-RUS b20"]
[Site "Essentuki RUS"]
[Date "2003.03.13"]
[Round "11"]
[White "Kryakvin,D"]
[Black "Farakhov,R"]
[Result "1/2-1/2"]
[WhiteElo "2423"]
[BlackElo "2392"]

1.d4 Nf6 2.c4 g6 3.Nc3 Bg7 4.e4 O-O 5.Nf3 d6 6.Be2 e5 7.d5 a5 8.Bg5 h6 9.Bh4 Na6
10.Nd2 Qe8 11.O-O Nh7 12.a3 Bd7 13.b3 h5 14.f3 Bf6 15.Bxf6 Nxf6 16.Qe1 Kg7
17.Qg3 Nh7 18.h4 Qe7 19.Nd1 Kh8 20.Ne3 Rac8 21.Nc2 f5 22.Qh2 f4 23.Kf2 Rf6
24.Rh1 Rg8 25.Rag1 Qf8 26.g4 fxg3+ 27.Qxg3 Qh6 28.Ke1 Nc5 29.a4 Ra8 30.Rh2 Ra6
31.Rhg2 Be8 32.Qh3 Bd7 33.Qg3 Be8 34.Qh3 Bd7 35.Qg3  1/2-1/2

[Event "Tch-SWE 2002-3"]
[Site "Sweden SWE"]
[Date "2003.03.14"]
[Round "9"]
[White "Popov,Val"]
[Black "Djurhuus,R"]
[Result "1-0"]
[WhiteElo "2579"]
[BlackElo "2479"]

1.d4 Nf6 2.Nf3 g6 3.c4 Bg7 4.Nc3 O-O 5.e4 d6 6.Be2 e5 7.Be3 Nbd7 8.O-O a5
9.Qc2 Ng4 10.Bg5 f6 11.Bh4 Nh6 12.Rad1 Nf7 13.h3 c6 14.Rfe1 Qe7 15.a3 Ng5
16.d5 Nxf3+ 17.Bxf3 c5 18.Bg4 Nb6 19.Bxc8 Rfxc8 20.Nb5 Qd7 21.f3 a4 22.Rb1 Ra5
23.b3 axb3 24.Rxb3 Rca8 25.Reb1 Nc8 26.Be1 R5a6 27.Bd2 b6 28.f4 Na7 29.fxe5 fxe5
30.Nc3 Nc8 31.Qc1 R8a7 32.Nb5 Ra8 33.Bg5 Ra4 34.Qc2 R8a6 35.Kh2 h6 36.Bc1 Ra8
37.Rg3 Kh7 38.Rf3 Ne7 39.Bb2  1-0

[Event "TCh-FIN 2002-3"]
[Site "Finland FIN"]
[Date "2003.03.15"]
[Round "8"]
[White "Mertanen,J"]
[Black "Nouro,M"]
[Result "1-0"]
[WhiteElo "2241"]
[BlackElo "2350"]

1.d4 Nf6 2.c4 g6 3.Nc3 Bg7 4.e4 d6 5.Nf3 O-O 6.Be2 e5 7.O-O Na6 8.Be3 Ng4
9.Bg5 Qe8 10.h3 h6 11.Bc1 Nf6 12.dxe5 dxe5 13.Be3 Qe7 14.Nd5 Qe6 15.Qc2 Nd7
16.a3 f5 17.c5 fxe4 18.Bc4 Kh7 19.Nd2 Qc6 20.b4 b5 21.cxb6 Qb7 22.b5 Nac5
23.bxc7 Re8 24.Nb3 Nxb3 25.Qxb3 Nf8 26.Rfc1 Ne6 27.Nf6+ Bxf6 28.Bd5 Qxc7
29.Rxc7+ Nxc7 30.Bxa8 Be6 31.Qa4 Rxa8 32.Rc1 Nd5 33.Qa6 Re8 34.Rc6  1-0

[Event "Tch-SWE 2002-3"]
[Site "Sweden SWE"]
[Date "2003.03.15"]
[Round "10"]
[White "Backelin,R"]
[Black "Ziegler,A"]
[Result "1/2-1/2"]
[WhiteElo "2292"]
[BlackElo "2361"]

1.c4 Nf6 2.Nf3 g6 3.Nc3 Bg7 4.e4 d6 5.d4 O-O 6.Be2 e5 7.d5 a5 8.Be3 Ng4 9.Bg5 f6
10.Bd2 f5 11.Bg5 Nf6 12.Qc2 Na6 13.a3 Nc5 14.Nd2 h6 15.Be3 Ncxe4 16.Ndxe4 fxe4
17.h3 c6 18.g4 cxd5 19.Nxd5 Be6 20.Nxf6+ Qxf6 21.Qxe4 b5 22.O-O Rac8 23.Rad1 Bxc4
24.Bxc4+ Rxc4 25.Qd5+ Kh7 26.Qxb5 Rc2 27.Qxa5 Qh4 28.Qd5 Rxb2 29.Qe4 Rf6
30.Kg2 h5 31.Rb1 Ra2 32.Rb8 Rxa3 33.Qc4 Rxe3 34.fxe3 Rxf1 35.Qxf1 hxg4 36.Qh1 Qxh3+
37.Qxh3+ gxh3+ 38.Kxh3 d5 39.Rd8 d4 40.e4 Bh6 41.Rd7+ Kg8 42.Kg4  1/2-1/2

[Event "1st NY Masters Int"]
[Site "New York USA"]
[Date "2003.03.17"]
[Round "6"]
[White "Matthew,E"]
[Black "Sena,J"]
[Result "1/2-1/2"]
[WhiteElo "2145"]
[BlackElo "2142"]

1.Nf3 Nf6 2.d4 g6 3.c4 Bg7 4.Nc3 O-O 5.e4 d6 6.Be2 e5 7.dxe5 dxe5 8.Qxd8 Rxd8
9.Bg5 Rf8 10.Nd5 Nxd5 11.cxd5 c6 12.Bc4 cxd5 13.Bxd5 Nc6 14.O-O Bg4 15.Nd2 Nd4
16.f3 Be6 17.Bxe6 Nxe6 18.Be3 Rfc8 19.Rac1 Nd4 20.Kf2 Nc2 21.g3 Nb4 22.Ke2 Nxa2
23.Ra1 Nb4 24.Rxa7 Rxa7 25.Bxa7 Rc2 26.Rb1 Bh6 27.Be3 Bxe3 28.Kxe3 Nc6 29.f4 f6
30.Nf3 Kf7 31.fxe5 Nxe5 32.Nxe5+ fxe5 33.Rd1 Rxb2 34.Rd7+ Kf6 35.Rxh7 b5
36.Kd3 b4 37.Kc4 Re2 38.Kd3 Rb2 39.Kc4 b3 40.Rb7 Rxh2 41.Rxb3 Rd2 42.Rd3 Rc2+
43.Kd5 Rf2 44.Kd6 g5 45.Rd5 Ra2 46.Rd3 Ra6+ 47.Kd5 Ra5+ 48.Kd6 Ra6+ 49.Kd5  1/2-1/2

[Event "TCh-BEL 2002-3"]
[Site "Belgium BEL"]
[Date "2003.03.23"]
[Round "11"]
[White "Verduyn,F"]
[Black "De Wit,D"]
[Result "1/2-1/2"]
[WhiteElo "2174"]
[BlackElo "2214"]

1.Nf3 Nf6 2.c4 g6 3.Nc3 Bg7 4.e4 d6 5.d4 O-O 6.Be2 e5 7.O-O exd4 8.Nxd4 Re8
9.f3 Nc6 10.Be3 Nh5 11.Qd2 Nxd4 12.Bxd4 Bxd4+ 13.Qxd4 Nf4 14.Rfd1 b6 15.Bf1 Ne6
16.Qd2 a5 17.Nd5 Bb7 18.Qc3 Bxd5 19.cxd5 Nf4 20.Rac1 Ra7 21.Rc2 Qg5 22.g3 Nh5
23.Qd2 Qf6 24.Kg2 Re7 25.Rdc1 g5 26.Bd3 Qg7 27.Qc3 Qxc3 28.Rxc3 Nf6 29.g4 h6
30.h4 Nh7 31.hxg5 hxg5 32.Rh1 Nf8 33.Rh5 f6 34.Bb5 Ng6 35.Kg3 Nf4 36.Rh2 Rh7
37.Rxh7 Kxh7 38.Rc2 Kg7 39.Bd7 Nd3 40.Bf5 Nb4 41.Rh2 Nxa2 42.Rh7+ Kf8 43.Be6 Nc1
44.Rf7+ Ke8 45.Rxf6 Ne2+ 46.Kf2 Nf4 47.Ke3 a4 48.Rf5  1/2-1/2

[Event "German Cup Final"]
[Site "Berlin GER"]
[Date "2003.03.23"]
[Round "2"]
[White "Gustafsson,J"]
[Black "Badestein,H"]
[Result "1-0"]
[WhiteElo "2566"]
[BlackElo "2194"]

1.d4 Nf6 2.c4 g6 3.Nc3 Bg7 4.e4 d6 5.Nf3 O-O 6.Be2 e5 7.Be3 Ng4 8.Bg5 f6
9.Bh4 g5 10.Bg3 Nh6 11.d5 a5 12.Nd2 Na6 13.f3 f5 14.h3 Qe8 15.Bf2 f4 16.a3 Bd7
17.b3 Qg6 18.Rb1 Nf7 19.b4 axb4 20.axb4 h5 21.c5 Bf6 22.c6 bxc6 23.dxc6 Be6
24.Bc4 Bxc4 25.Nxc4 Rfb8 26.Nd5 Bd8 27.b5 Nc5 28.b6 Ne6 29.b7 Ra2 30.Ra1 Rxf2
31.Ra8 g4 32.Rxb8 gxh3 33.Ne7+  1-0

[Event "17th Masters"]
[Site "Clichy FRA"]
[Date "2003.03.23"]
[Round "2"]
[White "Toulzac,PY"]
[Black "Onkoud,A"]
[Result "1-0"]
[WhiteElo "2246"]
[BlackElo "2326"]

1.d4 Nf6 2.c4 g6 3.Nc3 Bg7 4.e4 d6 5.Nf3 O-O 6.Be2 e5 7.dxe5 dxe5 8.Qxd8 Rxd8
9.Bg5 Re8 10.Nd5 Nxd5 11.cxd5 c6 12.Bc4 cxd5 13.Bxd5 Nc6 14.O-O-O Bg4 15.Be3 Nb4
16.Bb3 a5 17.Kb1 a4 18.Bc4 Rec8 19.Rc1 a3 20.b3 h6 21.Rhd1 Rc6 22.h3 Bxf3
23.gxf3 Rac8 24.Rd7 b5 25.Bxf7+ Kh7 26.Rxc6 Rxc6 27.Bd2 Na6 28.Bd5 Rc7 29.Rxc7 Nxc7
30.Bb4 g5 31.Bxa3 Kg6 32.Bd6 Ne8 33.Bc5 Bf6 34.Bc6 Nc7 35.Bd6 Ne6 36.Be8+ Kg7
37.Bxb5 Nd4 38.Bd3 Kf7 39.a4 Ke6 40.Bc5 Be7 41.Bc4+ Kd7 42.Bxe7 Kxe7 43.b4 Kd6
44.Bd5 h5 45.a5 Kc7 46.Kb2 h4 47.Kc3 Nxf3 48.b5 g4 49.b6+ Kd7 50.Be6+ Kc6
51.Bxg4 Nd4 52.Kc4 Nc2 53.Bd1 Na3+ 54.Kb4 Nb1 55.Bb3 Kb7 56.Kc5 Nd2 57.Bd5+ Ka6
58.Kd6  1-0

[Event "17th Masters"]
[Site "Clichy FRA"]
[Date "2003.03.24"]
[Round "3"]
[White "Onkoud,A"]
[Black "Georgiev,Kr"]
[Result "0-1"]
[WhiteElo "2326"]
[BlackElo "2529"]

1.d4 Nf6 2.c4 g6 3.Nc3 Bg7 4.e4 d6 5.Nf3 O-O 6.Be2 e5 7.dxe5 dxe5 8.Qxd8 Rxd8
9.Bg5 Re8 10.Nd5 Nxd5 11.cxd5 c6 12.Bc4 cxd5 13.Bxd5 Na6 14.Ke2 Nc7 15.Bb3 Ne6
16.Rhd1 b6 17.Rac1 Bb7 18.Bd5 Bxd5 19.Rxd5 Nxg5 20.Nxg5 Bh6 21.h4 f6 22.Rc7 fxg5
23.hxg5 Bf8 24.Rdd7 a5 25.Rxh7 Rac8 26.g3 Rxc7 27.Rxc7 Re6 28.Kf3 Rd6 29.Kg4 Rd4
30.f3 Bc5 31.b3 Rd3 32.Rc8+ Kf7 33.Rc7+ Be7 34.Rb7 Rd2 35.a4 Rd6 36.Rb8 Bd8
37.Rb7+ Ke8 38.Rg7 Kf8 39.Rh7 Rd4 40.Rh8+ Kf7 41.Rh7+ Kg8 42.Rb7 Kf8 43.Rh7 Be7
44.Rh8+ Kg7 45.Rc8 Kf7 46.Rc6 Rb4 47.f4 Rxe4 48.Rxb6 Rd4 49.Rb5 exf4 50.gxf4 Bd6
51.Rxa5 Rxf4+ 52.Kh3 Rf3+ 53.Kg4 Rg3+ 54.Kh4 Rxb3 55.Ra6 Ke6 56.a5 Rb4+ 57.Kh3 Ra4
58.Ra8 Kf5 59.Rd8 Be5  0-1

[Event "TSIM March"]
[Site "Subotica YUG"]
[Date "2003.03.24"]
[Round "2"]
[White "Stojkovic,Mir"]
[Black "Feletar,D"]
[Result "1/2-1/2"]
[WhiteElo "2273"]
[BlackElo "2434"]

1.d4 Nf6 2.c4 g6 3.Nc3 Bg7 4.e4 O-O 5.Nf3 d6 6.Be2 e5 7.dxe5 dxe5 8.Qxd8 Rxd8
9.Bg5 Re8 10.Nd5 Nxd5 11.cxd5 c6 12.Bc4 cxd5 13.Bxd5 Na6 14.O-O-O Nc7 15.Bb3 Be6
16.Bxe6 Nxe6 17.Be3 Rec8+ 18.Kb1 Rc7  1/2-1/2

[Event "Spring Open"]
[Site "Belgrade YUG"]
[Date "2003.03.28"]
[Round "4"]
[White "Sahovic,D"]
[Black "Nikolic,Ma"]
[Result "0-1"]
[WhiteElo "2348"]
[BlackElo "2040"]

1.d4 Nf6 2.c4 g6 3.Nc3 Bg7 4.e4 d6 5.Nf3 O-O 6.Be2 e5 7.Be3 Nc6 8.d5 Ne7
9.Nd2 Nd7 10.b4 f5 11.f3 Nf6 12.c5 fxe4 13.fxe4 a5 14.cxd6 cxd6 15.bxa5 Rxa5
16.Nc4 Ra6 17.a4 Nd7 18.a5 Nc5 19.Qc2 Bd7 20.Nxd6 Rxa5 21.Rb1 b6 22.Nc4 Ra6
23.Nxb6 Rxb6 24.Bxc5 Rbf6 25.Qb3 Kh8 26.Qb4 R6f7 27.Bf3 Bh6 28.O-O Bf4 29.Ne2 Bh6
30.Bd6 Bg7 31.Qc3 Nxd5 32.exd5 e4 33.Bxf8 Bxc3 34.Nxc3 exf3 35.Bc5 Qh4 36.Rb4 Qg5
37.Bd4+ Kg8 38.Rb8+ Rf8 39.Rxf8+ Kxf8  0-1

[Event "17th Masters"]
[Site "Clichy FRA"]
[Date "2003.03.28"]
[Round "7"]
[White "Toulzac,PY"]
[Black "Georgiev,Kr"]
[Result "1/2-1/2"]
[WhiteElo "2246"]
[BlackElo "2529"]

1.d4 Nf6 2.c4 g6 3.Nc3 Bg7 4.e4 d6 5.Nf3 O-O 6.Be2 e5 7.dxe5 dxe5 8.Qxd8 Rxd8
9.Bg5 Re8 10.Nd5 Nxd5 11.cxd5 c6 12.Bc4 cxd5 13.Bxd5 Na6 14.O-O-O Nc7 15.Bb3 a5
16.a3 Bg4 17.h3 Be6 18.Bxe6 Nxe6  1/2-1/2

[Event "TSIM March"]
[Site "Subotica YUG"]
[Date "2003.03.29"]
[Round "7"]
[White "Lukic,Milu"]
[Black "Micic,C"]
[Result "0-1"]
[WhiteElo "2241"]
[BlackElo "2408"]

1.d4 Nf6 2.c4 g6 3.Nc3 Bg7 4.e4 d6 5.Nf3 O-O 6.Be2 e5 7.O-O Nbd7 8.d5 a5
9.Bg5 h6 10.Bh4 Qe8 11.b3 Nh7 12.Rb1 h5 13.Nd2 Bh6 14.f3 Nc5 15.Bf2 Qe7 16.a3 Qg5
17.Rb2 Bh3 18.g3 Bxf1 19.Bxf1 h4 20.Bg2 Nf6 21.Nb5 hxg3 22.hxg3 Nh5 23.Nxc7 Nxg3
24.Bxg3 Qxg3 25.Nxa8 Be3+ 26.Kh1 Qh4+  0-1

[Event "Spring Open"]
[Site "Belgrade YUG"]
[Date "2003.03.31"]
[Round "7"]
[White "Lundin,J"]
[Black "Maksimovic,Mi"]
[Result "0-1"]
[WhiteElo "2220"]
[BlackElo "2167"]

1.d4 Nf6 2.c4 g6 3.Nc3 Bg7 4.e4 d6 5.Nf3 O-O 6.Be2 e5 7.d5 a5 8.Bg5 h6 9.Bh4 Na6
10.Nd2 Qe8 11.O-O Nh7 12.Kh1 h5 13.f3 Bd7 14.Nb3 b6 15.Qd2 f5 16.exf5 gxf5
17.Rae1 Qg6 18.f4 Bh6 19.g3 Nf6 20.Qd1 Ng4 21.h3 Nf6 22.Bxf6 Qxf6 23.Bxh5 Kh8
24.Kh2 Rg8 25.Qe2 Qg7 26.Qe3 a4 27.Nd2 exf4 28.Rxf4 a3 29.Ne2 axb2 30.Nf3 Be8
31.Nfd4 Bxh5 32.Nxf5 Bxf4 33.Qxf4 Qg5 34.Qd4+ Kh7 35.Nf4 b1=Q 36.Nxh5 Qxe1
37.Nf6+ Kg6 38.Nh4+ Kf7  0-1

[Event "29th ch-BAN"]
[Site "Dhaka BAN"]
[Date "2003.04.04"]
[Round "9"]
[White "Rahman,SM"]
[Black "Hossain,Enam"]
[Result "0-1"]
[WhiteElo "2182"]
[BlackElo "2451"]

1.d4 Nf6 2.c4 g6 3.Nc3 Bg7 4.e4 d6 5.Be2 O-O 6.Nf3 Na6 7.O-O e5 8.d5 Nc5
9.Qc2 a5 10.b3 Bd7 11.Rb1 c6 12.dxc6 Bxc6 13.Nd2 Rc8 14.a3 b5 15.b4 axb4
16.Rxb4 bxc4 17.Bxc4 Bh6 18.Re1 Kg7 19.f3 Nh5 20.Nf1 Bxc1 21.Qxc1 Nf4 22.Qd2 Qf6
23.Ne3 h5 24.Bd5 Ncd3 25.Bxc6 Nxe1 26.Ned5 Qg5  0-1

[Event "XII It II"]
[Site "Dos Hermanas ESP"]
[Date "2003.04.04"]
[Round "7"]
[White "Cifuentes Parada,R"]
[Black "Moreno Carnero,J"]
[Result "1/2-1/2"]
[WhiteElo "2506"]
[BlackElo "2508"]

1.d4 Nf6 2.c4 g6 3.Nc3 Bg7 4.e4 d6 5.Nf3 O-O 6.Be2 e5 7.O-O Na6 8.Be3 Ng4
9.Bg5 Qe8 10.dxe5 dxe5 11.h3 f6 12.Bd2 Nh6 13.c5 Nxc5 14.Qc1 Nf7 15.Nd5 Ne6
16.Nxc7 Nxc7 17.Qxc7 Nd8 18.Bc4+ Be6 19.Bxe6+ Qxe6 20.Rfc1 Rf7  1/2-1/2

[Event "National I"]
[Site "Besancon FRA"]
[Date "2003.04.05"]
[Round "5"]
[White "Schenk,Andreas"]
[Black "Gallagher,Jo"]
[Result "1/2-1/2"]
[WhiteElo "2473"]
[BlackElo "2515"]

1.d4 Nf6 2.c4 g6 3.Nc3 Bg7 4.e4 d6 5.Nf3 O-O 6.Be2 e5 7.O-O Na6 8.Be3 Ng4
9.Bg5 Qe8 10.dxe5 dxe5 11.h3 h6 12.Bd2 Nf6 13.Be3 Qe7 14.a3 c6 15.b4 Nh5
16.Re1 Nf4 17.Bf1 Rd8 18.Qc2 Qf6 19.Red1 Re8  1/2-1/2

[Event "ch-SCO"]
[Site "Edinburgh SCO"]
[Date "2003.04.05"]
[Round "1"]
[White "Pritchett,C"]
[Black "Burnett,A"]
[Result "1/2-1/2"]
[WhiteElo "2318"]
[BlackElo "2145"]

1.Nf3 Nf6 2.c4 g6 3.Nc3 Bg7 4.e4 d6 5.d4 O-O 6.Be2 e5 7.Be3 exd4 8.Nxd4 Re8
9.f3 Nc6 10.Qd2 Ne5 11.O-O-O a6 12.Bh6 Bh8 13.Rhe1 c5 14.Nb3 Be6 15.Qxd6 Nxc4
16.Qxd8 Raxd8 17.Rxd8 Rxd8 18.Nxc5 Rc8 19.Rd1 Ne8 20.Nxe6 Nxb2 21.Kxb2 fxe6
22.Rd3 b5 23.Kb3 Rc6 24.f4 Nd6 25.e5 Nf7 26.Bf3 Rc4 27.Bg5 Nxg5 28.fxg5 Bxe5
29.Ne4 a5 30.Rd8+ Kg7 31.Rd7+ Kf8 32.Rb7 a4+ 33.Ka3 Bf4 34.Kb2 Bc1+ 35.Kb1 Ba3
36.Rb8+ Ke7 37.Rb7+ Kd8 38.Rb8+ Kc7 39.Rb7+ Kc8 40.Nd6+ Bxd6 41.Rxb5 Ba3
42.Ka1 Bc5 43.Kb2 Bd4+ 44.Kb1 a3 45.Be2 Rc3  1/2-1/2

[Event "Team Cup"]
[Site "Belgrade YUG"]
[Date "2003.04.06"]
[Round "3"]
[White "Katanic Vujic,P"]
[Black "Marinovic,B"]
[Result "1-0"]
[WhiteElo "2293"]
[BlackElo "2339"]

1.Nf3 g6 2.d4 Nf6 3.c4 Bg7 4.Nc3 O-O 5.e4 d6 6.Be2 e5 7.Be3 Ng4 8.Bg5 f6
9.Bc1 Nc6 10.h3 Nh6 11.O-O Nf7 12.Be3 exd4 13.Nxd4 Nxd4 14.Bxd4 Re8 15.f4 Bd7
16.Bf3 c5 17.Bf2 Bc6 18.Qd3 b6 19.Rad1 Qd7 20.a3 Rad8 21.b4 Qe6 22.Rfe1 Qc8
23.Bg4 Qa8 24.Nd5 Bxd5 25.cxd5 Re7 26.Qc4 Kh8 27.Be6 Rde8 28.bxc5 bxc5 29.Qa6 Qd8
30.Rb1 Qc7 31.Rec1 Bh6 32.Be1 Bxf4 33.Ba5 Bxc1 34.Bxc7 Be3+ 35.Kf1 Rxc7 36.Rb7 Rxb7
37.Qxb7 Ne5 38.Qxa7 Bd4 39.a4 Nc4 40.a5 Nd2+  1-0

[Event "Team Cup"]
[Site "Belgrade YUG"]
[Date "2003.04.06"]
[Round "3"]
[White "Zivkovic,Drago"]
[Black "Stevanovic,Vl"]
[Result "0-1"]
[WhiteElo "2121"]
[BlackElo "2358"]

1.d4 Nf6 2.c4 g6 3.Nc3 Bg7 4.e4 O-O 5.Nf3 d6 6.Be2 e5 7.dxe5 dxe5 8.Qxd8 Rxd8
9.Bg5 Nbd7 10.Rd1 Rf8 11.Nd2 c6 12.Nb3 Re8 13.Rd6 h6 14.Be3 Bf8 15.Rd2 Kg7
16.O-O a5 17.a4 Bb4 18.f3 Nf8 19.Rfd1 Ne6 20.g3 c5 21.Rd3 Nd4 22.Bxd4 cxd4
23.Nb5 Re7 24.Nd2 Be6 25.b3 Rc8 26.Rc1 Nd7 27.f4 Nc5 28.Nf3 Nxd3 29.Bxd3 f6
30.fxe5 fxe5 31.Nxe5 Bh3 32.Nf3 Rf8 33.Bf1 Rxf3 34.Bxh3 d3 35.Kg2 d2 36.Rd1 Re3
37.Nd4 Re1 38.Bg4 R7xe4 39.Nc2 Rxg4  0-1

[Event "XII It III"]
[Site "Dos Hermanas ESP"]
[Date "2003.04.06"]
[Round "9"]
[White "Barrero Garcia,C"]
[Black "Rico Galiano,A"]
[Result "1/2-1/2"]
[WhiteElo "2325"]
[BlackElo "2312"]

1.d4 Nf6 2.c4 g6 3.Nc3 Bg7 4.e4 d6 5.Be2 O-O 6.Nf3 e5 7.d5 Nbd7 8.Bg5 h6
9.Bh4 g5 10.Bg3 Nh5 11.h4 g4 12.Nd2 Nxg3 13.fxg3 h5 14.O-O a5 15.Bd3 Nc5
16.Bc2 Bd7 17.Qe2 Qe7 18.Rf2 Bh6 19.Nf1 Kg7 20.Ne3 Bxe3 21.Qxe3 f6 22.Raf1 Rae8
23.b3 c6 24.a3 Rf7 25.Qd2 Bc8 26.Nd1 cxd5 27.cxd5 Qd8 28.Ne3 Rh8 29.Kh2 Bd7
30.Rb1 Na6 31.Nc4 Bb5 32.Nxa5 b6 33.Nc6 Bxc6 34.dxc6 Nb8 35.Rd1  1/2-1/2

[Event "National I"]
[Site "Besancon FRA"]
[Date "2003.04.07"]
[Round "7"]
[White "Spielmann,Al"]
[Black "Gallagher,Jo"]
[Result "0-1"]
[WhiteElo "2319"]
[BlackElo "2515"]

1.Nf3 d6 2.d4 Nf6 3.c4 g6 4.Nc3 Bg7 5.e4 O-O 6.Be2 e5 7.O-O Na6 8.Be3 Ng4
9.Bg5 Qe8 10.dxe5 dxe5 11.h3 h6 12.Bd2 Nf6 13.Be3 Qe7 14.Nd5 Qd8 15.Nxf6+ Qxf6
16.c5 Nb8 17.b4 a6 18.a4 Nc6 19.Rb1 Kh7 20.Qc1 Qe7 21.b5 axb5 22.axb5 Nd4
23.Bxd4 exd4 24.Bd3 Re8 25.Re1 Bf8 26.Qf4 Be6 27.c6 bxc6 28.bxc6 Ra3 29.Rec1 Rc3
30.e5 Qa3 31.Be4 d3 32.h4 Be7 33.h5 Kg7 34.hxg6 fxg6 35.Qg3 g5 36.Qh2 Qa4
37.Nd2 Qd4 38.Rb7 Rf8 39.Qg3 Bd8 40.Bf3 Rf4 41.Rb8 Ra3 42.Nf1 Ra2 43.Ne3 Ra1
44.Qh2 Rh4 45.Qg3 Be7 46.Re8 Kf7 47.Rh8 Bf8 48.Rxa1 Qxa1+ 49.Bd1 Kg7 50.Rxf8 Kxf8
51.Qf3+ Rf4 52.Qh5 Kg7 53.g3 Rf8 54.f4 Qd4  0-1

[Event "National I"]
[Site "Besancon FRA"]
[Date "2003.04.07"]
[Round "7"]
[White "Pelletier,Y"]
[Black "Shchekachev,A"]
[Result "1/2-1/2"]
[WhiteElo "2623"]
[BlackElo "2592"]

1.Nf3 g6 2.d4 Nf6 3.c4 Bg7 4.Nc3 O-O 5.e4 d6 6.Be2 e5 7.O-O Na6 8.Be3 Ng4
9.Bg5 Qe8 10.dxe5 dxe5 11.h3 f6 12.Bd2 Nh6 13.c5 c6 14.Bxa6 bxa6 15.Qa4 Rb8
16.b3 Nf7 17.Rad1 Kh8 18.Bc1 f5 19.Rd3 f4 20.Rfd1 g5 21.Nd2 g4 22.hxg4 Bxg4
23.Nf3 Qc8 24.Kf1 Rg8 25.Nb1 Rb5 26.Qc4 Be6 27.Qc3 a5 28.Nbd2 Bf6 29.Nc4 Rxc5
30.Bxf4 Bxc4 31.bxc4 Qe6 32.Bg3 Rxc4 33.Qxa5 Rxe4 34.Qxa7 Reg4 35.Rd7 R4g7
36.Kg1 e4 37.Nd4 Qg4 38.Nxc6 Ne5 39.Nxe5 Qxd1+ 40.Rxd1 Rxa7 41.Rd6 Rxg3 42.Rxf6 Rg8
43.Re6 e3 44.fxe3 Rxa2 45.Nf7+ Kg7 46.Nh6 Rb8 47.e4 Rbb2 48.Nf5+ Kf7 49.Re7+ Kf6
50.Rg7 Re2 51.Rg4 h5 52.Rg8 Rxe4 53.Ng3 Re1+ 54.Kh2 h4 55.Nh1 Re3 56.Rg4 h3
57.Rf4+ Kg5 58.Rf2 Rxf2 59.Nxf2 hxg2 60.Kxg2 Kh4 61.Nd1 Rd3 62.Nf2 Ra3 63.Ne4 Re3
64.Nf2  1/2-1/2

[Event "Classics IM"]
[Site "Gausdal NOR"]
[Date "2003.04.08"]
[Round "8"]
[White "Rodgaard,J"]
[Black "Nygren,K"]
[Result "1/2-1/2"]
[WhiteElo "2349"]
[BlackElo "2207"]

1.c4 Nf6 2.Nf3 g6 3.Nc3 Bg7 4.e4 d6 5.d4 O-O 6.Be2 Na6 7.O-O e5 8.Be3 Qe8
9.dxe5 Ng4 10.Bg5 Nxe5 11.Nd4 c6 12.Qd2 Nc5 13.Rad1 f5 14.exf5 gxf5 15.Bh6 Qg6
16.Bxg7 Qxg7 17.Nb3 f4 18.Kh1 Nxb3 19.axb3 Bf5 20.Qxd6 Rae8 21.Rfe1 Re6 22.Qd4 Rh6
23.Bf3 Rxh2+ 24.Kxh2 Nxf3+ 25.gxf3 Qh6+ 26.Kg1 Bh3 27.Ne4 Qg6+ 28.Ng3 fxg3
29.Qe4 gxf2+ 30.Kxf2 Qg2+ 31.Ke3 Qg5+ 32.Kf2 Qg2+ 33.Ke3 Qg5+ 34.f4 Qg3+
35.Kd2 Bf5 36.Qe3 Qg2+ 37.Re2 Rd8+ 38.Kc1 Rxd1+ 39.Kxd1 Bg4 40.Qe8+ Kg7 41.Qe7+ Kg8  1/2-1/2

[Event "FSIMA April"]
[Site "Budapest HUN"]
[Date "2003.04.10"]
[Round "6"]
[White "Broomfield,M"]
[Black "Alfred,N"]
[Result "1/2-1/2"]
[WhiteElo "2255"]
[BlackElo "2325"]

1.d4 Nf6 2.Nf3 g6 3.c4 Bg7 4.Nc3 O-O 5.e4 d6 6.Be2 e5 7.Be3 exd4 8.Nxd4 Re8
9.f3 c6 10.Qd2 d5 11.exd5 cxd5 12.O-O Nc6 13.c5 Rxe3 14.Qxe3 Nh5 15.Ncb5 Bd7
16.Rad1 Qa5 17.Qc3 Nf4 18.Qxa5 Nxa5 19.Rfe1 Nc4 20.Nc7  1/2-1/2

[Event "IM"]
[Site "Evry FRA"]
[Date "2003.04.10"]
[Round "1"]
[White "Amigues,E"]
[Black "Sanchez,Lo"]
[Result "1-0"]
[WhiteElo "2275"]
[BlackElo "2238"]

1.d4 Nf6 2.Nf3 g6 3.c4 Bg7 4.Nc3 O-O 5.e4 d6 6.Be2 e5 7.Be3 Na6 8.d5 Ng4
9.Bg5 f6 10.Bh4 Nh6 11.Nd2 c5 12.f3 Nf7 13.a3 h5 14.Qc2 Bh6 15.g4 hxg4 16.fxg4 Ng5
17.Qd3 Nc7 18.Bf2 a6 19.b4 cxb4 20.axb4 f5 21.h4 fxe4 22.Ndxe4 Nxe4 23.Qxe4 Qe8
24.Bb6 Rf4 25.Qc2 Bxg4 26.Bxg4 Rxg4 27.Qe2 Rd4 28.Ne4 Qe7 29.Ra3 Rf8 30.Bxd4 exd4
31.Rf3 Rxf3 32.Qxf3 b5 33.h5 bxc4 34.hxg6 Bg7 35.O-O Nxd5 36.Qh5 Nf6 37.Nxf6+ Bxf6
38.Qh7+ Qxh7 39.gxh7+ Kxh7 40.Rxf6 c3 41.Rf7+ Kg6 42.Rc7 Kf5 43.Kf2 Ke4 44.Ke2 d3+
45.Kd1 Kd4 46.Rc6 d5 47.Rc8 d2 48.Ke2 d1=Q+ 49.Kxd1 Kd3 50.Rc6 d4 51.Rxa6 Kc4
52.Rd6  1-0

[Event "ch-POLJ u20 w"]
[Site "Jarnoltowek POL"]
[Date "2003.04.10"]
[Round "5"]
[White "Worek,J"]
[Black "Kupczyk,E"]
[Result "1-0"]
[WhiteElo "2263"]
[BlackElo "2129"]

1.d4 Nf6 2.c4 g6 3.Nc3 Bg7 4.Nf3 d6 5.e4 O-O 6.Be2 e5 7.Be3 Nc6 8.d5 Ne7
9.Nd2 Ne8 10.b4 f5 11.f3 Kh8 12.c5 Ng8 13.Nc4 Bh6 14.Bf2 Ngf6 15.cxd6 cxd6
16.O-O Bd7 17.a4 Qe7 18.Ra3 Nh5 19.g3 fxe4 20.Nxe4 Nhg7 21.Re1 Nf5 22.Bf1 Bg7
23.f4 Qd8 24.fxe5 dxe5 25.Nc5 b6 26.Nxd7 Qxd7 27.Nxe5 Qd6 28.Nc6 Nc7 29.Bg2 Rae8
30.Rxe8 Rxe8 31.g4 Nh6 32.Bg3 Qd7 33.h3 Nf7 34.d6 Ng5 35.Rd3 Nce6 36.Ne5 Bxe5
37.Bxe5+ Kg8 38.Bg3 Nf7 39.b5 Nc5 40.Bc6  1-0

[Event "Seniorsko"]
[Site "Nisa YUG"]
[Date "2003.04.10"]
[Round "2"]
[White "Maksimovic,B"]
[Black "Kostic,Mis"]
[Result "1-0"]
[WhiteElo "2387"]
[BlackElo "2162"]

1.d4 Nf6 2.Nf3 g6 3.c4 Bg7 4.Nc3 O-O 5.e4 d6 6.Be2 e5 7.O-O Nbd7 8.Be3 Ng4
9.Bg5 f6 10.Bd2 Nh6 11.Qc2 Nf7 12.Rad1 c6 13.Be3 Qe7 14.c5 dxc5 15.d5 Rd8
16.dxc6 bxc6 17.Na4 Bf8 18.Nd2 f5 19.exf5 gxf5 20.Qxf5 Nb6 21.Qc2 Nd5 22.Bxc5 Qg5
23.Ne4 Qg6 24.Rd3 Kh8 25.Rg3 Qh6 26.Be3 Nxe3 27.fxe3 Nd6 28.Rf6 Qh4 29.Ng5 Be7  1-0

[Event "ch-POLJ u20"]
[Site "Jarnoltowek POL"]
[Date "2003.04.11"]
[Round "6"]
[White "Paterek,M"]
[Black "Mista,A"]
[Result "1/2-1/2"]
[WhiteElo "2277"]
[BlackElo "2430"]

1.d4 g6 2.c4 Bg7 3.e4 d6 4.Nc3 Nf6 5.Nf3 O-O 6.Be2 Nbd7 7.O-O e5 8.Be3 exd4
9.Nxd4 Re8 10.f3 c6 11.Qd2 Qe7 12.Bg5 Nc5 13.Kh1 Qf8 14.Rad1 h6 15.Be3 Ne6
16.Nb3 Rd8 17.Na5 Ne8 18.f4 f5 19.Bf3 Qf7 20.exf5 gxf5 21.Rfe1 Nf6 22.g3 Nf8
23.Qf2 Qc7 24.Nb3 Ng4 25.Bxg4 fxg4 26.f5 Nh7 27.Ne4 d5 28.cxd5 cxd5 29.f6 Bf8
30.Nc3 Qf7 31.Bd4 a5 32.Nc5 Rd6 33.Be5 Rc6 34.Rxd5 b6 35.N5e4 Bb7 36.Qf5 Rxc3
37.Rd7 Bxe4+ 38.Rxe4 Rc1+ 39.Kg2 Rc2+ 40.Kf1 Ng5 41.Rxf7 Kxf7 42.Qd7+ Kg6
43.Qd3 Rc5 44.Bd4 Rd8 45.Rxg4+ Kf7 46.Qb3+ Rcd5 47.Qxb6 Ne6 48.Be3 Bc5 49.Qb7+ R8d7
50.Qa8 Rf5+ 51.Ke1 Ng5 52.h4 Nf3+ 53.Ke2 Ng1+ 54.Ke1 Nf3+ 55.Ke2 Ng1+ 56.Ke1 Nf3+
57.Ke2  1/2-1/2

[Event "FSIMB April"]
[Site "Budapest HUN"]
[Date "2003.04.13"]
[Round "9"]
[White "Woodward,T"]
[Black "Hardicsay,P"]
[Result "1-0"]
[WhiteElo "2250"]
[BlackElo "2316"]

1.d4 Nf6 2.c4 g6 3.Nc3 Bg7 4.e4 d6 5.Nf3 O-O 6.Be2 e5 7.O-O Na6 8.Be3 Ng4
9.Bg5 Qe8 10.h3 f6 11.Bc1 Nh6 12.dxe5 dxe5 13.Be3 c6 14.c5 Nf7 15.Bxa6 bxa6
16.Qa4 Rb8 17.b3 f5 18.Rad1 Rb7 19.Rd3 f4 20.Bc1 Rd7 21.Rfd1 Rxd3 22.Rxd3 Qe7
23.Nd2 Bf6 24.Qc4 Kg7 25.Bb2 Qc7 26.Ne2 g5 27.g4 h5 28.f3 Rh8 29.Nf1 hxg4
30.fxg4 Rd8 31.Nc1 Be6 32.Qc3 Rh8 33.Kg2 Kg6 34.Nh2 Qe7 35.Ne2 Rd8 36.Nf3 Rxd3
37.Qxd3 Qxc5 38.Qc3 Qb5 39.Nc1 a5 40.Nd3 a4 41.b4 Bxa2 42.h4 gxh4 43.Nxf4+ Kh7
44.Kf2 Qc4 45.Nh5 Qxc3 46.Nxf6+ Kg6 47.Nxh4+ Kxf6 48.Bxc3 Bb1 49.Ke3 Ng5
50.Nf3 Nxe4 51.Bxe5+ Ke6 52.Ba1 Ng3 53.Nd2 Bc2 54.Kf3 Nh1 55.Kg2 Bd1 56.Kxh1 Bxg4
57.Kg2 Kd5 58.Kg3 Bd1 59.Kf4 Be2 60.Ke3 Bb5 61.Bd4 a6 62.Bc3 a3 63.Ba1 c5
64.bxc5 Kxc5 65.Bc3 Bc6 66.Ba1  1-0

[Event "GM"]
[Site "Evry FRA"]
[Date "2003.04.13"]
[Round "4"]
[White "Gozzoli,Y"]
[Black "David,Alb"]
[Result "1/2-1/2"]
[WhiteElo "2431"]
[BlackElo "2548"]

1.d4 Nf6 2.Nf3 g6 3.c4 Bg7 4.Nc3 O-O 5.e4 d6 6.Be2 e5 7.O-O Na6 8.Re1 Qe8
9.Bf1 Bg4 10.d5 Nb4 11.Be2 a5 12.a3 Na6 13.Be3 Bd7 14.Nd2 a4 15.Nb5 Qb8 16.Nc3 Qe8
17.Nb5 Qb8 18.Nc3 Qe8  1/2-1/2